000 00359 a2200133 4500
005 20250619102246.0
020 _a978-81-89922-63-4
082 _a636.089MUK
100 _aMukherjee. Abir lal
245 _aExport, Import Procedures, Documentation And Logistics
260 _aIndia,
_bVenus Books,
_c2014.
300 _a281p.;ill,
_bIndex
_c23cm
942 _2ddc
_cBKS
999 _c4400
_d4400